[Event "GBR-ch U1900 106th"]
[Site "Torquay"]
[Date "2019.07.31"]
[Round "3"]
[White "Worrall, Martin C"]
[Black "Simpson, Rui"]
[Result "0-1"]
[WhiteElo "1606"]
[BlackElo "1675"]
[PlyCount "96"]
[EventDate "2019.07.29"]
[EventType "swiss"]
[EventRounds "7"]
[EventCountry "ENG"]
[SourceTitle "EXT 2025"]
[Source "ChessBase"]
[SourceDate "2024.10.14"]
[SourceVersion "1"]
[SourceVersionDate "2024.10.14"]
[SourceQuality "1"]

1. e4 e6 2. d4 d5 3. e5 c5 4. c3 Nc6 5. Nf3 Bd7 6. dxc5 Bxc5 7. b4 Bb6 8. b5 Na5 9. Bd3 Ne7 10. 0-0 Ng6 11. a4 Qc7 12. Re1 Nc4 13. Bxc4 Qxc4 14. Ba3 a6 15. bxa6 Rxa6 16. Qe2 Qxe2 17. Rxe2 Bxa4 18. Bb4 Bb5 19. Rea2 Bc7 20. Na3 Bc6 21. Nd4 Kd7 22. Bd6 Nxe5 23. Bxc7 Kxc7 24. Nac2 Rha8 25. Rxa6 Rxa6 26. Rb1 Ra8 27. f4 Nc4 28. Re1 Kd6 29. g4 Nd2 30. Kg2 Ne4 31. c4 h6 32. h4 Ra4 33. cxd5 Bxd5 34. Kg1 Kc5 35. Ne2 b5 36. Rc1 Bc4 37. Ne3 Nf6 38. g5 Nd5 39. Nxd5 exd5 40. f5 hxg5 41. hxg5 Kb4 42. Nf4 Kb3 43. f6 gxf6 44. gxf6 Kb2 45. Rd1 Ra1 46. Rxa1 Kxa1 47. Ne6 b4 48. Nd4 b3 0-1

[Event "WLS-ch Major 65th"]
[Site "Cardiff"]
[Date "2019.04.22"]
[Round "7"]
[White "Simpson, Rui"]
[Black "Sipho, Donovan"]
[Result "0-1"]
[WhiteElo "1718"]
[BlackElo "1486"]
[PlyCount "88"]
[EventDate "2019.04.19"]
[EventType "swiss"]
[EventRounds "7"]
[EventCountry "WLS"]
[SourceTitle "CBM 190 Extra"]
[Source "ChessBase"]
[SourceDate "2019.07.15"]
[SourceVersion "1"]
[SourceVersionDate "2019.07.15"]
[SourceQuality "1"]

1. c4 e5 2. Nc3 Nf6 3. g3 c6 4. Bg2 Be7 5. d3 0-0 6. Nf3 d6 7. 0-0 Be6 8. Qb3 Qc8 9. Ng5 Bd7 10. Nge4 Nxe4 11. Nxe4 Be6 12. Bd2 d5 13. cxd5 Bxd5 14. Qc2 f5 15. Nc3 Bxg2 16. Kxg2 Nd7 17. Nd1 Nb6 18. Ne3 Qe6 19. Qb3 Qxb3 20. axb3 Nd5 21. Nc4 Bf6 22. Nd6 b6 23. Nxf5 a5 24. Rfc1 c5 25. g4 Nf4+ 26. Bxf4 exf4 27. Rc2 Rad8 28. Kf3 g6 29. Nh6+ Kg7 30. g5 Bxg5 31. Ng4 Rf5 32. b4 axb4 33. Ra7+ Kg8 34. Rb7 h5 35. h4 hxg4+ 36. Kxg4 Bh6 37. Rxb6 Kh7 38. h5 Rxh5 39. Rc4 Re5 40. Rb7+ Kg8 41. Rb5 Rxe2 42. Rcxc5 Rxf2 43. Rxb4 Bf8 44. Rxf4 Rxf4+ 0-1

[Event "WLS-ch Major 65th"]
[Site "Cardiff"]
[Date "2019.04.21"]
[Round "5"]
[White "Simpson, Rui"]
[Black "Summers, Charles B"]
[Result "0-1"]
[WhiteElo "1718"]
[BlackElo "1859"]
[PlyCount "84"]
[EventDate "2019.04.19"]
[EventType "swiss"]
[EventRounds "7"]
[EventCountry "WLS"]
[SourceTitle "CBM 190 Extra"]
[Source "ChessBase"]
[SourceDate "2019.07.15"]
[SourceVersion "1"]
[SourceVersionDate "2019.07.15"]
[SourceQuality "1"]

1. c4 c5 2. Nc3 Nc6 3. g3 g6 4. Bg2 Bg7 5. d3 d6 6. Nf3 h6 7. a3 e5 8. 0-0 Be6 9. Rb1 Qd7 10. b4 Nge7 11. b5 Nd4 12. Nxd4 cxd4 13. Ne4 f5 14. Nd2 0-0 15. Nb3 Rac8 16. Bd2 g5 17. e3 dxe3 18. Bxe3 b6 19. f4 gxf4 20. gxf4 Kh7 21. Nd2 Ng6 22. Bc6 Qe7 23. fxe5 dxe5 24. a4 f4 25. Bf2 Bh3 26. Qh5 Bxf1 27. Be4 Qg5+ 28. Qxg5 hxg5 29. Rxf1 Kh6 30. Kg2 g4 31. Nb1 Bf6 32. Nc3 f3+ 33. Kg3 Bh4+ 34. Kxg4 Rf4+ 35. Kh3 Bxf2 36. Rxf2 Rcf8 37. Kg3 Rg8 38. Bf5 Rg7 39. Be4 Nh4+ 40. Kh3 Ng2 41. Rxg2 fxg2 42. Bxg2 Kh5 0-1